Ajuste estructural y sistema financiero en El Salvador /
El documento presenta un análisis de la economía en El Salvador, su sistema financiero y el ajuste estructural del país, para un proceso de apertura económica.
Guardat en:
| Autor principal: | |
|---|---|
| Altres autors: | , |
| Format: | Desconegut |
| Idioma: | Spanish |
| Publicat: |
San Salvador, El Salvador :
Centro de Investigaciones Tecnológicas y Científicas, Dirección de Investigaciones Económicas y Sociales,
1992
|
| Col·lecció: | Cuadernos de Investigación
n° 12 |
| Matèries: | |
| Etiquetes: |
Afegir etiqueta
Sense etiquetes, Sigues el primer a etiquetar aquest registre!
|
MARC
| LEADER | 00000 a2200000 04500 | ||
|---|---|---|---|
| 001 | 40257 | ||
| 003 | cru CIDCACS/IIS | ||
| 005 | 20230529101817.0 | ||
| 008 | 050614s1992 es spa d | ||
| 020 | |a [sin ISBN] | ||
| 040 | |c CRAI/IIS | ||
| 090 | |a 03.02.01 S714a | ||
| 100 | |a Sorto Rivas, Francisco | ||
| 245 | |a Ajuste estructural y sistema financiero en El Salvador / |c Francisco Sorjo Rivas ; Jorge Peña Pocasangre, colaborador ; Leslie Quiñónez Basagoitia, colaboradora | ||
| 260 | |a San Salvador, El Salvador : |b Centro de Investigaciones Tecnológicas y Científicas, |b Dirección de Investigaciones Económicas y Sociales, |c 1992 | ||
| 300 | |a 65 páginas | ||
| 440 | |a Cuadernos de Investigación |v n° 12 | ||
| 520 | |a El documento presenta un análisis de la economía en El Salvador, su sistema financiero y el ajuste estructural del país, para un proceso de apertura económica. | ||
| 650 | 0 | |9 143 |a ECONOMIA | |
| 650 | 4 | |9 4425 |a AJUSTE ESTRUCTURAL | |
| 650 | 7 | |9 9303 |a ANALISIS FINANCIERO | |
| 651 | 4 | |9 1928 |a EL SALVADOR | |
| 700 | |a Peña Pocasangre, Jorge | ||
| 700 | |a Quiñónez Basagoitia, Leslie | ||
| 942 | |2 ddc |c LITG |h 03.02.01 S714a |i 05926 |6 030201_S714A_05926 | ||
| 999 | |c 12048 |d 12048 | ||
